京都府の戦前市制・町制 - Statistics

General Stats
  • This quiz has been taken 104 times
  • The average score is 29 of 39
Answer Stats
施行日 施行内容 所属郡 回答 % Correct
1889.04.01 市制 (市) 京都市
100%
1889.04.01 町制 紀伊郡 伏見町
96%
1889.04.01 町制 久世郡 宇治町
96%
1889.04.01 町制 天田郡 福知山町
96%
1889.04.01 町制 船井郡 園部町
94%
1889.04.01 町制 加佐郡 舞鶴町
94%
1937.04.01 市制 (市) 福知山市
94%
1889.04.01 町制 南桑田郡 亀岡町
92%
1889.04.01 町制 天鹿郡 綾部町
92%
1889.04.01 町制 与謝郡 宮津町
92%
1938.08.01 市制 (市) 舞鶴市
92%
1938.08.01 市制 (市) 東舞鶴市
92%
1889.04.01 町制 乙訓郡 向日町
88%
1906.10.12 町制 綴喜郡 田辺町
88%
1929.05.01 市制 (市) 伏見市
88%
1893.11.25 町制 相楽郡 木津町
86%
1889.04.01 町制 綴喜郡 八幡町
84%
1889.04.01 町制 中郡 峰山町
82%
1894.11.24 町制 熊野郡 久美浜町
82%
1926.10.16 町制 宇治郡 山科町
82%
1934.01.01 町制 相楽郡 笠置町
82%
1889.04.01 町制 与謝郡 加悦町
76%
1900.05.01 町制 竹野郡 網野町
71%
1915.01.01 町制 船井郡 八木町
65%
1889.04.01 町制 久世郡 淀町
63%
1921.04.01 町制 竹野郡 間人町
63%
1906.07.01 町制 加佐郡 新舞鶴町
61%
1928.02.11 町制 相楽郡 加茂町
61%
1942.04.01 町制 宇治郡 東宇治町
61%
1923.04.01 町制 葛野郡 嵯峨町
59%
1943.04.01 町制 北桑田郡 周山町
57%
1921.04.01 町制 与謝郡 岩滝町
55%
1927.01.01 町制 綴喜郡 井手町
55%
1901.07.19 町制 船井郡 須知町
51%
1890.12.10 町制 加佐郡 河守町
49%
1926.07.01 町制 相楽郡 上狛町
49%
1902.06.01 町制 加佐郡 余部町
43%
1922.10.01 町制 紀伊郡 深草町
37%
1889.04.01 町制 紀伊郡 柳原町
27%
No matching quizzes found
Score Distribution
Percent of People with Each Score
Percentile by Number Answered
Your Score History
You have not taken this quiz